000 00594nam a2200193Ia 4500
003 GCL
008 140319s9999 xx 000 0 ara d
040 _aGCL /
_cGCL
082 0 4 _a928.1
_bم ا
100 1 _aمحمد جبريل
245 1 0 _aالسحار رحلة الى السيرة النبوية /
_cمحمد جبريل
300 _a194 ص
490 _aكتاب
_v0
650 0 4 _aالادب العربى - تاريخ
650 0 4 _aالادباء العرب
650 0 4 _aالادب العربى - تاريخ ونقد
650 0 4 _aعبدالحميد السحار
942 _2ddc
_cBK
999 _c41863
_d41863